000
00266nam a22001097a 4500
082
_a
425
_b
WRE/S
100
_a
WREN
245
_a
SCHOLAR ENGLISH GRAMMAR-VI
246
_a
SCHOLAR ENGLISH GRAMMAR-VI
_b
SCHOLAR ENGLISH GRAMMAR-VI
650
_a
ENGLISH GRAMMAR
942
_c
BK
999
_c
8856
_d
8856